Architectural geometry / (Record no. 352982)
[ view plain ]
| 000 -LEADER | |
|---|---|
| fixed length control field | 00807 a2200241 4500 |
| 003 - CONTROL NUMBER IDENTIFIER | |
| control field | OSt |
| 005 - DATE AND TIME OF LATEST TRANSACTION | |
| control field | 20180116192352.0 |
| 008 - FIXED-LENGTH DATA ELEMENTS--GENERAL INFORMATION | |
| fixed length control field | 120531t xxu||||| |||| 00| 0 eng d |
| 010 ## - LIBRARY OF CONGRESS CONTROL NUMBER | |
| LC control number | 2007935192 |
| 020 ## - INTERNATIONAL STANDARD BOOK NUMBER | |
| International Standard Book Number | 9781934493045 |
| 040 ## - CATALOGING SOURCE | |
| Transcribing agency | 0 |
| 082 ## - DEWEY DECIMAL CLASSIFICATION NUMBER | |
| Classification number | 720.1 |
| 100 1# - MAIN ENTRY--PERSONAL NAME | |
| Personal name | Pottmann, Helmut. |
| 9 (RLIN) | 3159 |
| 245 10 - TITLE STATEMENT | |
| Title | Architectural geometry / |
| Statement of responsibility, etc. | Helmut Pottmann, Andreas Asperl, Michael Hofer ; [edited by] Daril Bentley. |
| 250 ## - EDITION STATEMENT | |
| Edition statement | 1st ed. |
| 260 ## - PUBLICATION, DISTRIBUTION, ETC. | |
| Place of publication, distribution, etc. | Exton, PA : |
| Name of publisher, distributor, etc. | Bentley Institute Press, |
| Date of publication, distribution, etc. | 2007. |
| 300 ## - PHYSICAL DESCRIPTION | |
| Extent | 724 p. : |
| Other physical details | ill. ; |
| Dimensions | 28cm. |
| 650 10 - SUBJECT ADDED ENTRY--TOPICAL TERM | |
| Topical term or geographic name entry element | Architectural design |
| 9 (RLIN) | 3160 |
| 650 10 - SUBJECT ADDED ENTRY--TOPICAL TERM | |
| Topical term or geographic name entry element | Geometry in architecture |
| 9 (RLIN) | 3161 |
| 650 10 - SUBJECT ADDED ENTRY--TOPICAL TERM | |
| Topical term or geographic name entry element | Architecture |
| General subdivision | Composition, proportion, etc. |
| 9 (RLIN) | 3162 |
| 942 ## - ADDED ENTRY ELEMENTS (KOHA) | |
| Institution code [OBSOLETE] | SADA |
| Koha item type | Book |
| Call number prefix | 720.1 POT 2007 |
| Source of classification or shelving scheme | |
| Withdrawn status | Lost status | Source of classification or shelving scheme | Damaged status | Not for loan | Permanent Location | Current Location | Date acquired | Total Checkouts | Total Renewals | Full call number | Barcode | Date last seen | Date last checked out | Cost, replacement price | Price effective from | Koha item type |
|---|---|---|---|---|---|---|---|---|---|---|---|---|---|---|---|---|
| School of Art Design and Architecture (SADA) | School of Art Design and Architecture (SADA) | 04/18/2011 | 16 | 10 | 720.1 POT 2007 | SADA0000924 | 10/28/2024 | 09/26/2024 | 12976.00 | 08/05/2011 | Book |
